00326pab a2200121 454500008004000000100002000040245006800060260000900128300001200137362001200149650001700161773002600178180718b2004 xxu||||| |||| 00| 0 eng d aSehkhar, Beulah aVictims of the system: an overview of the Pyrrhic defeat theory c2004 ap.8-16. aApr-Jun aCriminal law aIndian Police Journal